[Event "www.ChessWorld.net server game"]
[Site "www.ChessWorld.net "]
[Date "2007.8.3"]
[Round "NA"]
[White "jonboymanor12"]
[Black "joselito"]
[Result "1-0"]
[Termination "Black resigned"]
[WhiteElo "1732"]
[BlackElo "1563"]
[Mode "ICS"]
[DateLastMove "2007.11.16"]
[Board "3971769"]

1.e4 e5 2.Nf3 Nc6 3.a3 Bc5 4.b4 Bb6 5.Bb5 Qe7 6.O-O Nf6 7.Nc3 O-O 8.Bxc6 dxc6 9.d4 exd4 10.Nxd4 c5 11.bxc5 Bxc5 12.Nd5 Nxd5 13.exd5 Bxd4 14.Qxd4 Qd6 15.Bf4 Qb6 16.Qxb6 cxb6 17.Rad1 b5 18.d6 Bg4 19.Rd4 a6 20.f3 Bd7 21.Re1 Rac8 22.Re7 Bf5 23.Rc7 Bxc2 24.Rxc8 Rxc8 25.d7 Rd8 26.Bc7 Rxd7 27.Rxd7 {Black resigned} 1-0

[Event "www.ChessWorld.net server game"]
[Site "www.ChessWorld.net "]
[Date "2007.8.3"]
[Round "NA"]
[White "DanThePianoMan"]
[Black "joselito"]
[Result "1-0"]
[Termination "Black resigned"]
[WhiteElo "1203"]
[BlackElo "1410"]
[Mode "ICS"]
[DateLastMove "2007.9.8"]
[Board "3971783"]

1.e4 e5 2.Nf3 Nf6 3.d3 Bc5 4.Nc3 O-O 5.Nxe5 Qe7 6.Nc4 h6 7.e5 Ne8 8.Qe2 d6 9.d4 Bxd4 10.Nd5 Qd7 11.Qe4 Bxe5 12.Bd3 Nf6 13.Qf5 Qxf5 14.Bxf5 Nxd5 15.Be4 Nf6 16.f3 d5 17.Nxe5 dxe4 18.fxe4 Nxe4 19.O-O f6 20.Ng6 Re8 21.Nf4 Nc6 22.Re1 Bf5 23.Nd5 Rac8 24.g4 Bxg4 25.a4 Ng5 26.Rxe8+ Rxe8 27.Ra3 Re1+ 28.Kg2 Rxc1 29.Ne3 Bf3+ 30.Kf2 Nd4 31.c3 Nc2 32.Nxc2 Rxc2+ 33.Kg3 Rxb2 34.Kf4 Be4 35.h4 Nf3 36.Kxe4 Nxh4 37.c4 Kf7 38.Kd4 Rh2 39.c5 Re2 40.a5 Nf5+ 41.Kc4 Ne7 42.Rb3 b6 43.axb6 axb6 44.cxb6 cxb6 45.Rxb6 Rh2 46.Kc5 g5 47.Kd6 g4 48.Rb7 {Black resigned} 1-0

[Event "www.ChessWorld.net server game"]
[Site "www.ChessWorld.net "]
[Date "2007.8.4"]
[Round "NA"]
[White "lamman"]
[Black "joselito"]
[Result "1-0"]
[Termination "Black king mated"]
[WhiteElo "1698"]
[BlackElo "1570"]
[Mode "ICS"]
[DateLastMove "2007.11.17"]
[Board "3974012"]

1.b3 e5 2.Bb2 Nf6 3.Bxe5 Bc5 4.e3 Qe7 5.Bb2 O-O 6.d4 Bb4+ 7.Bc3 Bxc3+ 8.Nxc3 d5 9.Qd2 Qa3 10.Nge2 Nc6 11.Nb5 Qb2 12.Qc1 Qxc1+ 13.Nxc1 Bf5 14.Bd3 Bxd3 15.Nxd3 Rac8 16.Ne5 Nb4 17.O-O Nxc2 18.Rac1 Nb4 19.a3 Nc6 20.Nxc6 bxc6 21.Nxa7 Rb8 22.b4 Ra8 23.Nxc6 Ne4 24.Ne7+ Kh8 25.Rxc7 Rxa3 26.Nxd5 h6 27.g3 Nd2 28.Rfc1 f6 29.Ne7 Rf7 30.Ng6+ Kh7 31.Rxf7 Kxg6 32.Rcc7 Ne4 33.Rxg7+ Kf5 34.f3 Ra1+ 35.Kg2 Ra2+ 36.Kg1 Nd6 37.g4+ Ke6 38.Rge7+ Kd5 39.Rc5+ {Black king mated} 1-0

[Event "www.ChessWorld.net server game"]
[Site "www.ChessWorld.net "]
[Date "2007.8.4"]
[Round "NA"]
[White "bassem medhat"]
[Black "joselito"]
[Result "1-0"]
[Termination "Black king mated"]
[WhiteElo "1482"]
[BlackElo "1469"]
[Mode "ICS"]
[DateLastMove "2007.12.7"]
[Board "3974138"]

1.e4 e5 2.Qh5 Qe7 3.Nf3 Nf6 4.Qxe5 d6 5.Qxe7+ Bxe7 6.d3 O-O 7.h3 Nbd7 8.Nc3 b6 9.e5 dxe5 10.Be2 Bb7 11.O-O Bxf3 12.Bxf3 Rab8 13.Bg5 Nc5 14.Nd5 Bd6 15.Bxf6 Nd7 16.Be7 Rfc8 17.Bxd6 cxd6 18.Ne7+ Kf8 19.Nxc8 Rxc8 20.Bg4 Ke7 21.Bxd7 Kxd7 22.c3 Ke6 23.f4 exf4 24.Rxf4 f5 25.Re1+ Kf6 26.Ref1 g6 27.g4 d5 28.gxf5 gxf5 29.Rxf5+ Ke6 30.Rf7 Kd6 31.Rxa7 Rg8+ 32.Kh2 h5 33.Rf5 Rh8 34.d4 Ke6 35.Re5+ Kd6 36.Rae7 Rf8 37.R5e6+ {Black king mated} 1-0

[Event "www.ChessWorld.net server game"]
[Site "www.ChessWorld.net "]
[Date "2007.8.4"]
[Round "NA"]
[White "Jetter"]
[Black "joselito"]
[Result "1-0"]
[Termination "Black resigned"]
[WhiteElo "908"]
[BlackElo "1397"]
[Mode "ICS"]
[DateLastMove "2007.9.15"]
[Board "3974194"]

1.e3 e5 2.Qe2 Nf6 3.Nf3 Bc5 4.Nc3 O-O 5.Qc4 d6 6.e4 a6 7.d3 Ba7 8.Ng5 Be6 9.Nxe6 fxe6 10.Qxe6+ Kh8 11.Bg5 h6 12.h4 hxg5 13.hxg5+ Nh7 14.Nd5 Qd7 15.Qg6 Bxf2+ 16.Kd1 Kg8 17.Qxh7+ Kf7 18.g6+ Ke8 19.Be2 Bd4 20.Rf1 Qb5 21.Nxc7+ Ke7 22.Qxg7+ {Black resigned} 1-0

[Event "www.ChessWorld.net server game"]
[Site "www.ChessWorld.net "]
[Date "2007.8.9"]
[Round "NA"]
[White "massimo"]
[Black "joselito"]
[Result "1-0"]
[Termination "Black resigned"]
[WhiteElo "1699"]
[BlackElo "1404"]
[Mode "ICS"]
[DateLastMove "2007.9.24"]
[Board "3990237"]

1.e4 e5 2.Bc4 Nf6 3.Nf3 Bc5 4.Nxe5 O-O 5.d3 d5 6.exd5 c6 7.O-O cxd5 8.Bb3 Nc6 9.Nxc6 bxc6 10.Bg5 Bd6 11.Re1 Qe7 12.Rxe7 Bxe7 13.Qe2 Re8 14.Bxf6 Bg4 15.Qxg4 Bxf6 16.Nc3 Re7 17.Kf1 Rae8 18.Bxd5 cxd5 19.Nxd5 Kf8 20.Nxe7 Rxe7 21.Re1 Bxb2 22.Qc8+ {Black resigned} 1-0

[Event "www.ChessWorld.net server game"]
[Site "www.ChessWorld.net "]
[Date "2007.8.9"]
[Round "NA"]
[White "Macken"]
[Black "joselito"]
[Result "1-0"]
[Termination "Black resigned"]
[WhiteElo "1519"]
[BlackElo "1367"]
[Mode "ICS"]
[DateLastMove "2007.8.20"]
[Board "3990251"]

1.e4 e5 2.Nf3 Nf6 3.d4 exd4 4.Nxd4 Nxe4 5.Qe2 Qe7 6.f3 Nf6 7.Qxe7+ Bxe7 8.Bd3 O-O 9.O-O Bc5 10.Be3 Bxd4 11.Bxd4 d6 12.Bxf6 gxf6 13.Nc3 Be6 14.Rae1 Nd7 15.Re4 Nc5 16.Re3 Nxd3 17.Rxd3 f5 18.Nd5 Bxd5 19.Rxd5 f4 20.Rf5 Rfe8 21.Rxf4 Kg7 22.Rd1 Re2 23.Rc4 Rc8 24.b3 Kg6 25.Rg4+ Kf6 26.Rdd4 Re1+ 27.Kf2 Rce8 28.Rgf4+ Kg7 29.Rde4 R1xe4 30.Rxe4 Rxe4 31.fxe4 Kf6 32.Kf3 Kg5 33.g3 h5 34.h4+ Kg6 35.Kf4 f6 36.g4 hxg4 37.Kxg4 c5 38.c4 a6 39.a3 a5 40.h5+ Kg7 41.Kf5 Kh6 42.Kxf6 Kxh5 43.Ke6 Kg5 44.Kxd6 b6 45.Kc6 Kf4 46.Kxb6 Kxe4 47.Kxc5 Kd3 48.Kb5 Kc3 49.b4 axb4 50.axb4 Kd4 51.c5 Kd5 52.c6 Kd6 53.Kb6 Kd5 54.c7 Kd6 55.c8=Q Kd5 56.Ka6 Kd6 {Black resigned} 1-0

[Event "www.ChessWorld.net server game"]
[Site "www.ChessWorld.net "]
[Date "2007.8.9"]
[Round "NA"]
[White "mpinnick"]
[Black "joselito"]
[Result "1-0"]
[Termination "Black king mated"]
[WhiteElo "1551"]
[BlackElo "1358"]
[Mode "ICS"]
[DateLastMove "2007.8.22"]
[Board "3990266"]

1.e4 e5 2.Bc4 Nf6 3.Nf3 d6 4.Ng5 Be6 5.Bxe6 fxe6 6.Nxe6 Qd7 7.Nxf8 Kxf8 8.Nc3 Qf7 9.O-O c5 10.Qf3 Nbd7 11.d3 b6 12.Bg5 Ke7 13.Nd5+ Ke6 14.Qf5+ {Black king mated} 1-0

[Event "www.ChessWorld.net server game"]
[Site "www.ChessWorld.net "]
[Date "2007.8.9"]
[Round "NA"]
[White "Fred77"]
[Black "joselito"]
[Result "1-0"]
[Termination "Black king mated"]
[WhiteElo "1132"]
[BlackElo "1402"]
[Mode "ICS"]
[DateLastMove "2007.8.12"]
[Board "3990280"]

1.c3 e5 2.Nf3 Nf6 3.e4 Bc5 4.b4 Nxe4 5.Bd3 Nxf2 6.Qe2 Nxh1 7.Ba3 O-O 8.bxc5 d6 9.Kf1 Qf6 10.Kg1 dxc5 11.Kxh1 b6 12.Bb5 Bb7 13.Qxe5 Nc6 14.Qxf6 gxf6 15.c4 a6 16.Bxc6 Bxc6 17.Bb2 Bxf3 18.gxf3 Kh8 19.Bxf6+ Kg8 20.Nc3 Rae8 21.Rg1+ {Black king mated} 1-0

[Event "www.ChessWorld.net server game"]
[Site "www.ChessWorld.net "]
[Date "2007.8.27"]
[Round "NA"]
[White "b4mmy"]
[Black "joselito"]
[Result "1-0"]
[Termination "Black king mated"]
[WhiteElo "1309"]
[BlackElo "1396"]
[Mode "ICS"]
[DateLastMove "2007.10.5"]
[Board "4046882"]

1.g4 e5 2.Bh3 Bc5 3.Nf3 Nc6 4.O-O d6 5.Nc3 Nf6 6.e3 Bxg4 7.Bxg4 O-O 8.a4 e4 9.Nh4 Ne5 10.Be2 Qd7 11.d3 c6 12.dxe4 d5 13.exd5 cxd5 14.f4 Qc6 15.fxe5 Ne4 16.Qxd5 Nxc3 17.Qxc6 Nxe2+ 18.Kh1 bxc6 19.Bd2 Rab8 20.Rfe1 Nd4 21.exd4 Bxd4 22.Nf5 Bxb2 23.Ra2 Rfd8 24.Ba5 Rd7 25.e6 fxe6 26.Rxe6 Rd2 27.Bxd2 Kf7 28.Rxc6 Bf6 29.Rc7+ Kg6 30.Ng3 Rb1+ 31.Kg2 a6 32.Rc6 Rd1 33.c4 h5 34.Bg5 Kxg5 35.Ne4+ Kg4 36.Nxf6+ Kg5 37.Ne4+ Kf5 38.Ng3+ Kg4 39.Rg6+ Kf4 40.Rxg7 h4 41.Nh5+ Ke3 42.Re7+ Kd3 43.Rd7+ Kxc4 44.Rxd1 h3+ 45.Kxh3 a5 46.Rb2 Kc3 47.Rb8 Kc2 48.Rd5 Kc3 49.Rc8+ Kb4 50.Rb8+ Ka3 51.Rxa5 Ka2 52.Rc5 Ka3 53.a5 Ka4 54.a6 Ka3 55.a7 Ka2 56.a8=Q+ {Black king mated} 1-0

[Event "www.ChessWorld.net server game"]
[Site "www.ChessWorld.net "]
[Date "2007.8.27"]
[Round "NA"]
[White "Parsifal66"]
[Black "joselito"]
[Result "1-0"]
[Termination "Black king mated"]
[WhiteElo "1364"]
[BlackElo "1399"]
[Mode "ICS"]
[DateLastMove "2007.9.9"]
[Board "4046888"]

1.e4 e5 2.Nf3 Nc6 3.d4 Bb4+ 4.c3 Ba5 5.d5 Nb8 6.Bc4 d6 7.O-O Nf6 8.Bg5 O-O 9.h3 c6 10.Be3 cxd5 11.exd5 a6 12.Ng5 h6 13.Nf3 b5 14.Bb3 Bb7 15.c4 bxc4 16.Bxc4 e4 17.Nd4 Bxd5 18.b3 Qd7 19.Bxd5 Nxd5 20.Re1 Bxe1 21.Qxe1 Nxe3 22.Qxe3 d5 23.Nc3 Nc6 24.Rc1 Nxd4 25.Qxd4 Rac8 26.Rd1 Qe6 27.Nxd5 Rc2 28.a4 a5 29.Re1 Qf5 30.Ne7+ Kh8 31.Nxf5 Rg8 32.Qxe4 Rcc8 33.Nd6 Rb8 34.Nxf7+ {Black king mated} 1-0

[Event "www.ChessWorld.net server game"]
[Site "www.ChessWorld.net "]
[Date "2007.8.28"]
[Round "NA"]
[White "nyce"]
[Black "joselito"]
[Result "1-0"]
[Termination "Black resigned"]
[WhiteElo "1511"]
[BlackElo "1598"]
[Mode "ICS"]
[DateLastMove "2007.11.20"]
[Board "4049427"]

1.e4 e5 2.Bc4 Bc5 3.d3 Qf6 4.Nh3 d6 5.g4 Ne7 6.Bg5 Bxf2+ 7.Nxf2 Qxg5 8.Qf3 O-O 9.Nd2 Be6 10.h4 Qf6 11.Qxf6 gxf6 12.O-O-O Bxc4 13.dxc4 Nd7 14.Rdg1 Ng6 15.g5 fxg5 16.Rxg5 h6 17.Rgg1 h5 18.Nf3 Rfe8 19.Rh2 a5 20.Rg5 Nf6 21.Rf5 Ng4 22.Rxh5 Nxh2 23.Nxh2 Nf4 24.Rg5+ Kf8 25.h5 Ke7 26.Nhg4 f6 27.Rg7+ Ke6 28.Rxc7 b6 29.h6 Rac8 30.Rb7 Rxc4 31.h7 Rd4 32.b3 f5 33.exf5+ Kxf5 34.Rg7 e4 35.Rg8 Ne2+ 36.Kb2 Re6 37.h8=Q e3 38.Rf8+ {Black resigned} 1-0

[Event "www.ChessWorld.net server game"]
[Site "www.ChessWorld.net "]
[Date "2007.9.5"]
[Round "NA"]
[White "sully84"]
[Black "joselito"]
[Result "1-0"]
[Termination "Black resigned"]
[WhiteElo "1623"]
[BlackElo "1520"]
[Mode "ICS"]
[DateLastMove "2007.12.23"]
[Board "4076089"]

1.e4 e5 2.Qh5 Qe7 3.a3 Nf6 4.Qf3 d5 5.d3 dxe4 6.dxe4 Bg4 7.Qb3 b6 8.f3 Bh5 9.Ne2 Nbd7 10.Bg5 Nc5 11.Qb5+ Ncd7 12.Qc6 Qd8 13.g3 Bxf3 14.Rg1 Be7 15.Bxf6 Bxf6 16.Nd2 Bxe2 17.Bxe2 O-O 18.Qc3 c5 19.h4 h6 20.O-O-O Be7 21.Nf3 f6 22.Bb5 Qc7 23.Rxd7 Qc8 24.Rxe7 Qd8 25.Rd7 Qc8 26.Bc4+ Kh8 27.Rgd1 Qc6 28.Bd5 Qb5 29.Bxa8 Rxa8 30.Rd8+ Rxd8 31.Rxd8+ Kh7 32.Rd1 Qc6 33.Qd2 Qxe4 34.Qd3 Qxd3 35.cxd3 h5 36.Nd2 Kg6 37.Ne4 Kf5 38.Nd6+ Ke6 39.Nc8 Kf7 40.Nxa7 Kg6 41.Nc8 b5 42.Kd2 c4 43.dxc4 bxc4 44.Kc3 Kf5 45.Kxc4 Ke6 46.a4 Kf5 47.a5 Kg4 48.Rd3 Kf5 49.a6 Ke6 50.a7 Kf5 51.a8=Q Ke6 52.Qd5+ Kf5 53.Ne7+ Kg4 {Black resigned} 1-0

[Event "www.ChessWorld.net server game"]
[Site "www.ChessWorld.net "]
[Date "2007.9.5"]
[Round "NA"]
[White "Ironpig"]
[Black "joselito"]
[Result "1-0"]
[Termination "Black king mated"]
[WhiteElo "1507"]
[BlackElo "1459"]
[Mode "ICS"]
[DateLastMove "2007.10.11"]
[Board "4076095"]

1.d4 Nf6 2.c4 d6 3.Nc3 e6 4.e4 Be7 5.h3 h6 6.a3 b6 7.f4 O-O 8.Nf3 Bb7 9.d5 c6 10.dxe6 fxe6 11.Bd3 d5 12.O-O Bc5+ 13.Kh1 dxe4 14.Nxe4 Nxe4 15.Bxe4 Qxd1 16.Rxd1 Rxf4 17.Bxf4 Bf2 18.Rd8+ Kf7 19.Bd6 Na6 20.Ne5+ Kf6 21.Ng4+ Kg5 22.Rxa8 Bxa8 23.Nxf2 b5 24.cxb5 Bb7 25.bxa6 Bxa6 26.Bxc6 Kh4 27.Re1 g5 28.Rxe6 h5 29.g3+ {Black king mated} 1-0

[Event "www.ChessWorld.net server game"]
[Site "www.ChessWorld.net "]
[Date "2007.9.5"]
[Round "NA"]
[White "cr50"]
[Black "joselito"]
[Result "1-0"]
[Termination "Black king mated"]
[WhiteElo "1648"]
[BlackElo "1546"]
[Mode "ICS"]
[DateLastMove "2007.11.22"]
[Board "4076126"]

1.d4 d5 2.c4 c6 3.Nc3 e5 4.dxe5 dxc4 5.Qxd8+ Kxd8 6.e4 Be6 7.Nf3 Nd7 8.Be2 b5 9.O-O Bg4 10.Bf4 Bb4 11.Rad1 Ne7 12.h3 Bxf3 13.Bxf3 Kc8 14.Bg4 Bxc3 15.Bxd7+ Kb7 16.bxc3 Ng6 17.Bg3 h5 18.Rd6 Rad8 19.Bxc6+ Kb6 20.Rxd8 Rxd8 21.Bd5 f6 22.exf6 gxf6 23.Rb1 h4 24.Bh2 a5 25.Bxc4 b4 26.cxb4 axb4 27.Rc1 Kc5 28.Bf7+ Kb5 29.Bxg6 Re8 30.Bxe8+ Ka5 31.Bc7+ Ka6 32.Rc4 f5 33.exf5 b3 34.axb3 Ka7 35.Rb4 Ka8 36.Bd8 Ka7 37.f6 Ka6 38.Bg6 Ka7 39.Be7 Ka6 40.f7 Ka7 41.f8=Q Ka6 42.Qa8+ {Black king mated} 1-0

[Event "www.ChessWorld.net server game"]
[Site "www.ChessWorld.net "]
[Date "2007.9.5"]
[Round "NA"]
[White "Shrewd Dude"]
[Black "joselito"]
[Result "1-0"]
[Termination "Black resigned"]
[WhiteElo "1581"]
[BlackElo "1500"]
[Mode "ICS"]
[DateLastMove "2007.10.29"]
[Board "4076128"]

1.e4 e5 2.Nf3 Nc6 3.d4 d5 4.exd5 exd4 5.dxc6 bxc6 6.Qxd4 Be7 7.Qxg7 Bf6 8.Qg3 Nh6 9.Bxh6 Qe7+ 10.Be2 Bb7 11.Nc3 O-O-O 12.O-O Bxc3 13.bxc3 Qxe2 14.Rae1 Qxc2 15.Re7 Rd7 16.Qh3 Rd8 17.Ne5 Qd2 18.Nxd7 Qd5 19.Nb6+ Kb8 20.Nxd5 cxd5 21.Bf4 Ba6 22.Bxc7+ {Black resigned} 1-0

[Event "www.ChessWorld.net server game"]
[Site "www.ChessWorld.net "]
[Date "2007.9.5"]
[Round "NA"]
[White "AFCDon"]
[Black "joselito"]
[Result "1-0"]
[Termination "Black resigned"]
[WhiteElo "1671"]
[BlackElo "1479"]
[Mode "ICS"]
[DateLastMove "2007.12.2"]
[Board "4076403"]

1.d4 d5 2.Nf3 Nc6 3.e3 Bg4 4.c3 Qd7 5.Bd3 O-O-O 6.Nbd2 e6 7.O-O h5 8.Qc2 Nf6 9.a4 Bxf3 10.Nxf3 Qd6 11.b4 Ng4 12.h3 Rh6 13.e4 Nf6 14.Bxh6 gxh6 15.e5 Qe7 16.exf6 Qxf6 17.a5 Bd6 18.b5 Nb8 19.c4 Qg6 20.Bxg6 fxg6 21.c5 Be7 22.Qxg6 e5 23.Nxe5 b6 24.c6 Bd6 25.Qe6+ Nd7 26.Nxd7 {Black resigned} 1-0

[Event "www.ChessWorld.net server game"]
[Site "www.ChessWorld.net "]
[Date "2007.9.5"]
[Round "NA"]
[White "HAIFAPENN"]
[Black "joselito"]
[Result "1-0"]
[Termination "Black resigned"]
[WhiteElo "1479"]
[BlackElo "1479"]
[Mode "ICS"]
[DateLastMove "2007.12.4"]
[Board "4076409"]

1.e4 e5 2.Nf3 Nc6 3.Bc4 h6 4.c3 Bc5 5.d4 Qe7 6.Be3 exd4 7.cxd4 Bb4+ 8.Nc3 Nf6 9.e5 Ng4 10.Qd3 Nxe3 11.Qxe3 d6 12.O-O dxe5 13.Bb5 O-O 14.dxe5 Qe6 15.Bd3 Bxc3 16.bxc3 Nxe5 17.Nxe5 Qd5 18.c4 Qe6 19.Qe4 g6 20.Rae1 Qf6 21.Qe3 Qg5 22.f4 Qe7 23.Qg3 Qf6 24.Bxg6 fxg6 25.Nxg6 Qd4+ 26.Re3 Rf7 27.Ne5+ Rg7 28.Ng6 Bf5 29.Ne7+ Kf7 30.Qf3 Be4 31.Qh5+ Kxe7 32.Re1 Rxg2+ 33.Kf1 Qxc4+ 34.R3e2 Qd4 35.Rxe4+ Qxe4 36.Rxe4+ Kd7 37.Qd5+ {Black resigned} 1-0

[Event "www.ChessWorld.net server game"]
[Site "www.ChessWorld.net "]
[Date "2007.10.15"]
[Round "NA"]
[White "ibrachess"]
[Black "joselito"]
[Result "1-0"]
[Termination "Black resigned"]
[WhiteElo "2477"]
[BlackElo "1477"]
[Mode "ICS"]
[DateLastMove "2007.11.6"]
[Board "4211805"]

1.e4 g6 2.d4 Bg7 3.c3 d6 4.f4 Nd7 5.Nf3 e6 6.Bd3 Ne7 7.O-O h6 8.f5 gxf5 9.exf5 e5 10.dxe5 b6 11.f6 Nxe5 12.fxg7 Nxf3+ 13.Qxf3 Rg8 14.Qxa8 Rxg7 15.Bxh6 Rg8 16.Nd2 Bh3 17.Qxd8+ Kxd8 18.Rf2 Kd7 19.Ne4 Nd5 20.Bc4 Kc6 21.Bxd5+ Kxd5 22.Nf6+ {Black resigned} 1-0

[Event "www.ChessWorld.net server game"]
[Site "www.ChessWorld.net "]
[Date "2007.10.15"]
[Round "NA"]
[White "bicetti"]
[Black "joselito"]
[Result "1-0"]
[Termination "Black king mated"]
[WhiteElo "1571"]
[BlackElo "1552"]
[Mode "ICS"]
[DateLastMove "2007.11.15"]
[Board "4211810"]

1.d4 g6 2.c4 Bg7 3.e4 d6 4.Nc3 Nd7 5.Nf3 e6 6.Bd3 Ne7 7.O-O h6 8.b3 b6 9.Ne2 Bb7 10.Rb1 a6 11.d5 e5 12.Nh4 O-O 13.f4 Nf6 14.f5 gxf5 15.Nxf5 Nxf5 16.Rxf5 c6 17.Ng3 cxd5 18.cxd5 Bc8 19.Rf2 Bb7 20.Nf5 Bc8 21.Nxg7 Kxg7 22.Qf3 Bg4 23.Qg3 Rh8 24.Be3 Kf8 25.Rbf1 Rh7 26.Rxf6 h5 27.Bg5 Qd7 28.h3 h4 29.Bxh4 Bh5 30.Qg5 Qe7 31.g4 Bxg4 32.hxg4 Rg7 33.Qh5 Re8 34.Qh8+ Rg8 35.Rxf7+ Qxf7 36.Rxf7+ Kxf7 37.Qf6+ {Black king mated} 1-0

[Event "www.ChessWorld.net server game"]
[Site "www.ChessWorld.net "]
[Date "2007.10.15"]
[Round "NA"]
[White "sacripante4"]
[Black "joselito"]
[Result "1-0"]
[Termination "Black king mated"]
[WhiteElo "1736"]
[BlackElo "1480"]
[Mode "ICS"]
[DateLastMove "2007.12.9"]
[Board "4211820"]

1.d4 g6 2.c4 Bg7 3.e4 d6 4.Nc3 Nd7 5.Be3 e6 6.Nf3 Ne7 7.Bd3 h6 8.Qc2 b6 9.d5 e5 10.Nd2 Bb7 11.f4 a6 12.O-O-O O-O 13.g4 Nf6 14.g5 Nh7 15.h4 h5 16.f5 gxf5 17.exf5 Nxf5 18.Bxf5 Re8 19.Bxh7+ Kf8 20.Nde4 c6 21.dxc6 Bxc6 22.Rxd6 Qc7 23.Rf1 Rad8 24.Rxd8 Rxd8 25.b3 Bxe4 26.Qxe4 Qe7 27.Kb2 Ke8 28.Nd5 Qd6 29.Bxb6 Rb8 30.c5 Qd7 31.Nf6+ Bxf6 32.Rxf6 Qd2+ 33.Ka3 Qc1+ 34.Ka4 Qb2 35.Qc6+ Ke7 36.Qc7+ Kf8 37.Qxf7+ {Black king mated} 1-0

[Event "www.ChessWorld.net server game"]
[Site "www.ChessWorld.net "]
[Date "2007.10.15"]
[Round "NA"]
[White "chytros"]
[Black "joselito"]
[Result "1-0"]
[Termination "Black resigned"]
[WhiteElo "1491"]
[BlackElo "1493"]
[Mode "ICS"]
[DateLastMove "2007.11.6"]
[Board "4211825"]

1.d4 g6 2.e4 Bg7 3.e5 b6 4.Bc4 Bb7 5.f3 e6 6.Nh3 h6 7.Be3 Ne7 8.Nc3 d6 9.exd6 cxd6 10.Bd3 a6 11.Nf4 Nd7 12.Be4 Bxe4 13.fxe4 O-O 14.h4 Nf6 15.h5 e5 16.Nh3 exd4 17.Bxd4 Nxh5 18.Bxg7 Nxg7 19.Qd2 Kh7 20.Ng5+ Kg8 21.Rxh6 Ne6 22.Nxe6 Qd7 23.Rh8+ Kxh8 24.Qh6+ Kg8 {Black resigned} 1-0

[Event "www.ChessWorld.net server game"]
[Site "www.ChessWorld.net "]
[Date "2007.11.15"]
[Round "NA"]
[White "WOZ619"]
[Black "joselito"]
[Result "1-0"]
[Termination "Black king mated"]
[WhiteElo "1352"]
[BlackElo "1558"]
[Mode "ICS"]
[DateLastMove "2007.11.24"]
[Board "4309594"]

1.e4 g6 2.a3 Bg7 3.Qf3 d6 4.h3 e6 5.Nc3 Ne7 6.g4 Nd7 7.d3 a6 8.Be2 b6 9.Bg5 Bb7 10.h4 h6 11.Bf4 e5 12.Be3 O-O 13.g5 hxg5 14.hxg5 f6 15.gxf6 Nxf6 16.Nh3 Kf7 17.Bg5 Ke8 18.b4 Nh7 19.Qg3 c6 20.Bxe7 Qxe7 21.Qxg6+ Qf7 22.Qxh7 Rh8 23.Qf5 Qxf5 24.exf5 e4 25.Kd2 c5 26.dxe4 cxb4 27.axb4 Rd8 28.Rag1 Bxc3+ 29.Kxc3 Bxe4 30.Rh2 Bxf5 31.Bg4 Rg8 32.Rhg2 Bxg4 33.Rxg4 Rc8+ 34.Kd4 Rxg4+ 35.Rxg4 Rxc2 36.Kd5 Rd2+ 37.Ke6 Kd8 38.Nf4 Rd4 39.Rg8+ Kc7 40.Nd5+ Kb7 41.Kxd6 a5 42.Rg7+ Ka6 43.bxa5 Kxa5 44.Ra7+ Kb5 45.f4 Rc4 46.f5 Rc6+ 47.Ke5 Rc5 48.f6 Kc4 49.Rc7 b5 50.f7 b4 51.Rxc5+ Kxc5 52.f8=Q+ Kc4 53.Qxb4+ Kd3 54.Qd4+ Ke2 55.Qe3+ Kd1 56.Kd4 Kc2 57.Qd3+ Kc1 58.Ne3 Kb2 59.Qc3+ Kb1 60.Kc4 Ka2 61.Nd1 Kb1 62.Qb2+ {Black king mated} 1-0

[Event "www.ChessWorld.net server game"]
[Site "www.ChessWorld.net "]
[Date "2007.11.23"]
[Round "NA"]
[White "Sparkeman"]
[Black "joselito"]
[Result "1-0"]
[Termination "Black resigned"]
[WhiteElo "1589"]
[BlackElo "1564"]
[Mode "ICS"]
[DateLastMove "2008.1.17"]
[Board "4335189"]

1.e4 c5 2.Bc4 Nc6 3.c3 e6 4.f4 d5 5.exd5 exd5 6.Bb5 Bd7 7.g4 Qe7+ 8.Kf1 Qe4 9.Qe1 O-O-O 10.Qxe4 dxe4 11.f5 Ne5 12.Bxd7+ Rxd7 13.b3 Nd3 14.Ba3 Nf6 15.c4 Nxg4 16.Nc3 Ngf2 17.Kg2 Nxh1 18.Kxh1 Rd6 19.Nd5 h5 20.Nh3 h4 21.Ng5 Rh5 22.Nxe4 Rxf5 23.Nxd6+ Bxd6 24.Rg1 Be5 25.Ne7+ Kd7 26.Nxf5 h3 27.Rf1 g6 28.Nh6 f5 29.Rf3 Ne1 30.Re3 Nc2 31.Rxe5 Nxa3 32.Rxc5 b6 33.Rd5+ Ke6 34.Rd8 Ke5 35.Kg1 Ke4 36.Kf2 g5 37.Re8+ Kd3 38.Rd8+ Kc2 39.Nxf5 Kb2 40.d4 Kxa2 41.c5 bxc5 42.dxc5 Kxb3 43.c6 Nc4 44.Ra8 g4 45.Ng3 Kc3 46.Rxa7 Kb4 47.c7 Nd6 48.Ke3 Kc3 49.Ra3+ Kb4 50.Rd3 Kc5 51.Kf4 Kc6 52.Rc3+ Kd7 53.Kxg4 Nb5 54.c8=Q+ {Black resigned} 1-0

[Event "www.ChessWorld.net server game"]
[Site "www.ChessWorld.net "]
[Date "2007.12.23"]
[Round "NA"]
[White "mad hatter xxx"]
[Black "joselito"]
[Result "1-0"]
[Termination "Black resigned"]
[WhiteElo "1413"]
[BlackElo "1550"]
[Mode "ICS"]
[DateLastMove "2008.2.1"]
[Board "4438761"]

1.e4 e5 2.Bc4 Bc5 3.Bxf7+ Kxf7 4.Qh5+ g6 5.Qxe5 Qf6 6.Qxc5 Qc6 7.Qd4 Qxc2 8.Qxh8 Qxc1+ 9.Ke2 d5 10.e5 Qc4+ 11.d3 Qg4+ 12.Nf3 Nc6 13.Qxh7+ Kf8 14.Nc3 Nxe5 15.Nxd5 Qd7 16.Qxd7 Bxd7 17.Nxc7 Nxf3 18.Nxa8 Nd4+ 19.Kd2 Bc6 20.Rhg1 Nf6 21.Rae1 Ng4 22.h3 Nf6 23.g4 Nd5 24.Rg3 b5 25.f4 Nxf4 26.Nc7 Nf3+ 27.Rxf3 Bxf3 28.Rf1 Nxh3 29.Rxf3+ Kg7 30.Rxh3 g5 31.Nxb5 a6 32.Nd6 a5 33.Re3 a4 34.d4 Kf6 35.d5 a3 36.bxa3 Kg6 37.Nf5 Kf6 38.d6 Kg6 39.d7 {Black resigned} 1-0

[Event "www.ChessWorld.net server game"]
[Site "www.ChessWorld.net "]
[Date "2007.12.23"]
[Round "NA"]
[White "cu2"]
[Black "joselito"]
[Result "1-0"]
[Termination "Black resigned"]
[WhiteElo "1312"]
[BlackElo "1533"]
[Mode "ICS"]
[DateLastMove "2008.1.7"]
[Board "4438763"]

1.e4 e5 2.Qf3 Nf6 3.g4 d6 4.g5 Ng4 5.Bc4 Qf6 6.gxf6 Nxf6 7.d3 Be6 8.Bb5+ c6 9.Ba4 Nbd7 10.Nc3 Be7 11.Bg5 O-O 12.Qg3 d5 13.exd5 cxd5 14.Bh6 Bg4 15.h3 gxh6 16.hxg4 Nc5 17.g5 hxg5 18.Qh2 d4 19.Nb5 Nxa4 20.Qxe5 Bb4+ 21.Kf1 Kg7 22.Qxg5+ Kh8 23.Qxf6+ Kg8 24.Nf3 Rfe8 25.Kg2 Bf8 26.Nc7 Bg7 27.Qf4 Nxb2 28.Rag1 Na4 29.Kf1 Nc3 30.Qg3 Kf8 31.Qxg7+ Ke7 32.Nxe8 Rxe8 33.Qxd4 Nb5 34.Qb4+ {Black resigned} 1-0

[Event "www.ChessWorld.net server game"]
[Site "www.ChessWorld.net "]
[Date "2007.12.23"]
[Round "NA"]
[White "cjchess"]
[Black "joselito"]
[Result "1-0"]
[Termination "Black resigned"]
[WhiteElo "1595"]
[BlackElo "1510"]
[Mode "ICS"]
[DateLastMove "2008.1.5"]
[Board "4438765"]

1.b3 Nf6 2.Bb2 d6 3.d4 Nbd7 4.e3 e5 5.dxe5 dxe5 6.Bc4 Bb4+ 7.Nd2 O-O 8.Nf3 h6 9.O-O c6 10.Nxe5 Nxe5 11.Bxe5 Qd7 12.Bd3 Bxd2 13.Qxd2 Qg4 14.c4 Qg5 15.Bc2 Bh3 16.Bg3 Rad8 17.Qc3 Bf5 18.Rac1 Bxc2 19.Qxc2 b6 20.Rfe1 c5 21.Rcd1 Rxd1 22.Rxd1 Qh5 23.h3 Qg5 24.Rd2 Nh5 25.Qc3 Nxg3 26.fxg3 Qxg3 27.Qc2 Qe1+ 28.Kh2 Qxe3 29.Re2 Qf4+ 30.g3 Qf1 31.Rf2 Qe1 32.Kg2 g6 33.Qd3 Kg7 34.Qd7 Qe4+ 35.Rf3 a6 36.Qd6 Re8 37.Qf6+ Kh7 38.Qxf7+ Kh8 39.Qf6+ Kh7 40.h4 Qb7 41.Kh3 Re2 42.Qf7+ Qxf7 43.Rxf7+ Kg8 44.Rb7 b5 45.cxb5 Rxa2 46.b6 h5 47.Ra7 Rb2 48.b7 Rxb3 49.Ra8+ Kf7 50.b8=Q Rxb8 51.Rxb8 Ke6 52.Rb6+ Kd5 53.Rxa6 c4 54.Kg2 c3 55.Ra2 Kd4 56.Kf3 Kd3 57.Kf4 c2 58.Rxc2 Kxc2 59.Kg5 Kd3 60.Kxg6 Ke4 61.Kxh5 Kf5 62.g4+ Kf6 63.g5+ Kg7 64.Kg4 Kh7 65.h5 Kg7 66.Kf5 Kh7 67.h6 Kh8 68.g6 Kg8 69.Kf6 Kh8 70.g7+ Kg8 71.h7+ Kxh7 72.Kf7 Kh6 73.g8=Q {Black resigned} 1-0